Fronteras vivientes para Tambopata (Registro nro. 12907)

Detalles MARC
000 -CABECERA
Campo de control 005450000a22001690004500
090 ## - CLASIFICACIÓN LOCAL
Colección AR
Consecutivo 03872
041 0# - IDIOMA
Código de idioma para texto/pista de sonido o título separado
100 1# - ASIENTO PRINCIPAL--NOMBRE PERSONAL
Nombre personal Salas, Antonio W.
245 10 - MENCION DE TITULO
Título Fronteras vivientes para Tambopata
Version uniendo los intereses de la conservación al desarrollo sostenible
500 ## - NOTA GENERAL
Nota general <Colección Biocomercio>
650 14 - ASIENTO SECUNDARIO DE MATERIA - TERMINO TEMATICO
Término temático o nombre geográfico como elemento de entrada Areas protegidas
650 14 - ASIENTO SECUNDARIO DE MATERIA - TERMINO TEMATICO
Término temático o nombre geográfico como elemento de entrada Conservación
650 14 - ASIENTO SECUNDARIO DE MATERIA - TERMINO TEMATICO
Término temático o nombre geográfico como elemento de entrada Ecoturismo
651 #4 - ASIENTO SECUNDARIO DE MATERIA - NOMBRE GEOGRAFICO
-- Zona reservada Tambopata
-- Madre de Dios
-- Perú
773 1# - Item fuente:
Título Ecotono
Paginas del Articulo 7-9
Lugar, editorial y fecha de publicación 1998
942 ## - ELEMENTOS ADICIONALES (KOHA)
Tipo de ítem Artículo
Existencias
Withdrawn status Lost status Damaged status No para préstamo Colección Ubicación Permanente Ubicación actual Fecha de adquisición Fuente de Valor Datos de publicación Seriada Total Checkouts Número topográfico Inventario / Código de Barras Date last seen Price effective from Forma de adquisición Tipo de material
      No para Préstamo Hemeroteca Bogotá Bogotá 27/02/2015 Biocomercio Fuera de circulación   AR 03872 017424 25/03/2015 25/03/2015   Artículo